00790nam a2200169 a 4500001000400000003000900004008004100013040002800054082001600082100003000098245003700128250000700165260004800172300001000220505037600230650001400606438CO-ViMGA141112s2004 ck r 000 u spa d aCO-ViMGAbspacCO-ViMGA04a618.92 C1111 aCaballero Corvacho, Jaime10aPediatria : btratado práctico a2a aSantafé de Bogotá : bPresencia, c1994 a737 p aSemiología pediatrica 2 - - Crecimiento y desarrollo 66 - - Alimentación del niño 135 - - Problemas de la alimentación del niño 144 - - El recien nacido 178 - - Aparato respiratorio 226 - - Aparato gastrointestinal 326 - - Enfermadades infecciosas bacterianas agudas 507 - - Enfermedades del aparato urinario 626 - - Enfermedades de la serie roja y blanca 669 14aPEDIATRIA